ŠTÁTNA RODINNÁ POLITIKA A ROVNOSŤ PRÍLEŽITOSTÍ NA TRHU PRÁCE

Bibliographic Details
Main Author: Lenczová, Terézia, 1938- (Author)
Format: Article
Language:Slovak

MARC

LEADER 00000naa a2200000uu 4500
001 vtls011048579
003 SK-MaSNL
005 20260302112851.0
008 210908|2005 xo |||||||||||||||||slo|
015 |a SNBRA 
035 |a (urnnbn)urn:nbn:sk:snk:ar-00961z 
035 |a (uuid)ce63eedd-0238-4835-a2d0-3a30d5fa36a0 
035 |a urn:nbn:sk:snk-aauzl5 
040 |a SNKBUCL  |b slo  |c SNKBUCL  |e AACR2 
041 0 |a slo 
044 |a xo  |c SK 
100 1 |a Lenczová, Terézia,  |d 1938-  |4 aut  |9 171449 
245 1 0 |a ŠTÁTNA RODINNÁ POLITIKA A ROVNOSŤ PRÍLEŽITOSTÍ NA TRHU PRÁCE  |c Terézia Lenczová 
773 0 |t Sociálny dialóg ; Rovnosť príležitostí a zosúladenie rodinného a pracovného života  |d Bratislava : Nezávislé kresťanské odbory Slovenska, 2005  |g S. 16-20  |z 8096941704 
958 |a OND 
958 |a article12 
958 |a chapter 
999 |c 1253708  |d 1255638